Seleziona la casella - Città del Mondo - Statistics

Statistiche generali
  • Questo quiz è stato fatto 2.571 volte
  • Il punteggio medio è 43 su 60
Statistiche sulle risposte
Domanda Casella Select % Corretto
Brasile Rio de Janeiro
97%
Brasile San Paolo
96%
Francia Palermo No
95%
Brasile Buenos Aires No
94%
Francia Genova No
94%
Francia Lione
93%
Francia Parigi
93%
Brasile Cordoba No
92%
Francia Yaoundè No
92%
Francia Bordeaux
91%
Francia Saragozza No
91%
Brasile La Paz No
90%
Messico Panama No
90%
Messico Bilbao No
88%
India Colombo No
88%
India Chongqing No
87%
Francia Gent No
87%
India Mumbai
87%
Russia Sapporo No
87%
Messico Malabo No
86%
Russia Tblisi No
86%
Russia Ulanbataar No
85%
Russia Vladivostok
83%
Francia Monaco No
80%
Messico San Diego No
80%
Francia Lilla
79%
Francia Tolosa
79%
Russia Almaty No
78%
India Chittagong No
78%
Messico Tucson No
78%
Russia Urumqi No
78%
Brasile Cochabamba No
76%
India Lhasa No
76%
Russia Novosibirsk
73%
India Thimphu No
73%
Brasile Valparaìso No
72%
Francia Ajaccio
71%
Russia Donetsk No
71%
Messico Guadalajara
71%
India Karachi No
70%
Messico Acapulco
69%
Messico Tegucigalpa No
66%
Messico Tijuana
66%
Russia Nizhny Novgorod
63%
Russia Kharkiv No
61%
India Jaipur
60%
Russia Sochi
56%
Messico Monterrey
53%
India Kolkata
48%
Brasile Recife
48%
Messico Cabo San Lucas
46%
Messico El Paso No
45%
India Patna
44%
Brasile Belem
43%
Brasile Curitiba
43%
India Agra
42%
Brasile Manaus
42%
Russia Ufa
35%
India Ahmedabad
30%
Brasile Salvador
25%
Nessun quiz corrispondente trovato
Distribuzione punteggi
Percentuale di utenti per punteggio
Percentile per numero di risposta
I tuoi punteggi nel tempo
Non hai fatto questo quiz